000 00847nam a2200229Ii 4500
003 JO-AjNU
008 230605s9999||||xx |||||||||||||| ||und||
017 _a2022/1/279
020 _a978-9923-43-077-4
040 _aJO-AjNU
_bara
_erda
_cJO-AjNU
041 _aara
050 1 4 _aDS51.S25 2022
100 3 _aالسامرائي، مجيد ملوك,
_eauthor
_962955
245 0 0 _aسر من رأى والخلافة العباسية (221هـ-836م/279ه-892م)
250 _aط1
264 3 1 _aعمان: دار اليازوري العلمية للنشر والتوزيع، 2022
300 _a140ص
336 _atext
_btxt
_2rdacontent
337 _aunmediated
_bn
_2rdamedia
338 _avolume
_bnc
_2rdacarrier
650 4 _aسامراء(العراق)-المدن العربية-الخلافة العباسية-تاريخ العراق
_962956
999 _aA28532
_c32100
_d32100